000 01325nam a2200385 i 4500
001 14683
003 KOSZ 005
005 20210930090814.0
008 191116s1972 pl a f f 001 0 pol
015 _aPB 1972/6765
035 _a(OCoLC)749606516
040 _aWA N
_cWA N
_dKOSZ 005/EC
_dKOSZ 005/RW
046 _k1961
080 _a543
100 1 _aDobrowolski, Jan
_d(1919- )
_eAutor
245 1 0 _aChemia analityczna /
_cJan Dobrowolski.
250 _aWydanie 3 poprawione i uzupełnione.
260 _aWarszawa :
_bPaństwowy Zakład Wydawnictw Lekarskich,
_c1972.
300 _a505, [1] stron, [1] karta tablic :
_bilustracje, errata ;
_c25 cm.
336 _aTekst
_btxt
_2rdacontent
337 _aBez urządzenia pośredniczącego
_bn
_2rdamedia
338 _aWolumin
_3nc
_brdacarrier
380 _aKsiążki.
380 _aPublikacje dydaktyczne
388 _a1901-2000
388 _a1945-1989
500 _aWydanie 2 pt.: Podręcznik chemii analitycznej.
504 _aBibliografia na stronie 492. Indeks.
650 7 _aChemia analityczna
655 7 _aPodręcznik
658 _aChemia
710 2 _aWydawnictwo Lekarskie PZWL
_4pbl.
856 _uhttp://koha.tu.koszalin.pl/cgi-bin/koha/opac-detail.pl?biblionumber=14683
_yKatalog online BPK
942 _2UKD
_cKS
999 _c14683
_d14683